[Event "Hillerod Spar Nord op"]
[Site "Hillerod"]
[Date "2016.10.13"]
[Round "5"]
[White "Vej, Jesper"]
[Black "Andersen, Soren Bull"]
[Result "1/2-1/2"]
[WhiteElo "2128"]
[BlackElo "2064"]
[PlyCount "150"]
[EventDate "2016.09.13"]
[EventType "swiss"]
[EventRounds "7"]
[EventCountry "DEN"]
[SourceTitle "EXT 2024"]
[Source "ChessBase"]
[SourceDate "2023.10.10"]
[SourceVersion "1"]
[SourceVersionDate "2023.10.10"]
[SourceQuality "1"]

1. f4 d5 2. b3 g6 3. Bb2 Nf6 4. Nf3 Bg7 5. e3 0-0 6. d4 c5 7. c3 Nc6 8. Be2 a5 9. 0-0 Bf5 10. Ne5 Qc7 11. Nd2 Nd7 12. g4 Ndxe5 13. gxf5 Nd7 14. fxg6 fxg6 15. Nf3 cxd4 16. cxd4 e6 17. Ng5 Qd6 18. a4 Rfe8 19. Ba3 Nb4 20. Rc1 Bf8 21. Bb5 Re7 22. Bxb4 axb4 23. Bxd7 Rxd7 24. Qg4 Re8 25. Rc2 Bg7 26. Rfc1 Bf6 27. Nf3 Rf7 28. Ne1 Bxd4 29. exd4 Rxf4 30. Qg3 e5 31. dxe5 Qxe5 32. Ng2 Qd4+ 33. Kh1 Rff8 34. Re1 Qf6 35. Rcc1 Qb2 36. Rf1 Qd2 37. Rxf8+ Rxf8 38. Qe1 Qd3 39. Qd1 Qe4 40. Qe1 Qd3 41. Qe6+ Rf7 42. Rc8+ Kg7 43. Qe5+ Kh6 44. Qe3+ Qxe3 45. Nxe3 Rf3 46. Nxd5 Rxb3 47. Rb8 Rb1+ 48. Kg2 b3 49. Nc3 Rc1 50. Rxb7 Rxc3 51. a5 Rc2+ 52. Kg3 b2 53. a6 Rc3+ 54. Kg2 Ra3 55. Rxb2 Rxa6 56. Rb5 Rf6 57. Kg3 Rd6 58. Kg2 Rd4 59. h3 g5 60. Rb3 Kg6 61. Kg3 Re4 62. Ra3 h5 63. Ra6+ Kf5 64. Ra5+ Re5 65. Ra8 Re3+ 66. Kg2 h4 67. Rf8+ Ke4 68. Re8+ Kd3 69. Rg8 Rg3+ 70. Kh2 Ke2 71. Ra8 Re3 72. Ra5 Rg3 73. Ra2+ Kf3 74. Ra3+ Kf2 75. Ra2+ Kf3 1/2-1/2

[Event "Hillerod Spar Nord op"]
[Site "Hillerod"]
[Date "2016.10.01"]
[Round "3"]
[White "Vej, Jesper"]
[Black "Ramkilde, Mikael"]
[Result "1-0"]
[WhiteElo "2128"]
[BlackElo "1893"]
[PlyCount "73"]
[EventDate "2016.09.13"]
[EventType "swiss"]
[EventRounds "7"]
[EventCountry "DEN"]
[SourceTitle "EXT 2024"]
[Source "ChessBase"]
[SourceDate "2023.10.10"]
[SourceVersion "1"]
[SourceVersionDate "2023.10.10"]
[SourceQuality "1"]

1. f4 d5 2. b3 g6 3. Bb2 Nf6 4. e3 Bg7 5. Nf3 0-0 6. Be2 c5 7. 0-0 Nc6 8. d4 Ng4 9. Qd2 h5 10. Na3 cxd4 11. Nxd4 e5 12. Nxc6 bxc6 13. Bxg4 Bxg4 14. c4 exf4 15. Bxg7 Kxg7 16. Rxf4 Qe7 17. Nc2 Rad8 18. cxd5 Qe5 19. Qd4 Rxd5 20. Qxe5+ Rxe5 21. h3 Bf5 22. Nd4 Be4 23. Rc1 g5 24. Rf2 c5 25. Nb5 g4 26. hxg4 hxg4 27. Rf4 f5 28. Nd6 Bd3 29. Kf2 Re6 30. Nb7 Rfe8 31. Nxc5 Rxe3 32. Nxd3 g3+ 33. Kf1 Rxd3 34. Rxf5 Ree3 35. Re1 Kg6 36. Rxe3 Rxe3 37. Rf3 1-0

[Event "Hillerod op"]
[Site "Hillerod"]
[Date "2015.10.20"]
[Round "7"]
[White "Nielsen, Frode Benedikt"]
[Black "Vej, Jesper"]
[Result "0-1"]
[WhiteElo "1992"]
[BlackElo "2088"]
[PlyCount "68"]
[EventDate "2015.09.08"]
[EventType "swiss"]
[EventRounds "7"]
[EventCountry "DEN"]
[SourceTitle "EXT 2024"]
[Source "ChessBase"]
[SourceDate "2023.10.10"]
[SourceVersion "1"]
[SourceVersionDate "2023.10.10"]
[SourceQuality "1"]

1. e4 e5 2. d4 exd4 3. Qxd4 Nc6 4. Qe3 Nf6 5. Nc3 Bb4 6. Bd2 d6 7. 0-0-0 0-0 8. Bd3 Ne5 9. f4 Nxd3+ 10. cxd3 Re8 11. h3 Bxc3 12. Bxc3 Nd5 13. Qd4 Nxc3 14. Qxc3 b5 15. Nf3 c5 16. Kb1 b4 17. Qe1 Bb7 18. Qh4 c4 19. Qh5 Qf6 20. Qb5 Rab8 21. Qxc4 d5 22. exd5 Red8 23. Qd4 Qa6 24. Qc4 Qa5 25. Nd4 Bxd5 26. Nc6 Qc7 27. Qc5 Qxc6 28. Qf2 Rdc8 29. Rc1 Bxa2+ 30. Kxa2 Qa4+ 31. Kb1 b3 32. Rc4 Qa2+ 33. Kc1 Rxc4+ 34. dxc4 Rd8 0-1

[Event "Hillerod op"]
[Site "Hillerod"]
[Date "2015.09.14"]
[Round "2"]
[White "Nygaard, Soren"]
[Black "Vej, Jesper"]
[Result "0-1"]
[WhiteElo "1748"]
[BlackElo "2088"]
[PlyCount "56"]
[EventDate "2015.09.08"]
[EventType "swiss"]
[EventRounds "7"]
[EventCountry "DEN"]
[SourceTitle "EXT 2024"]
[Source "ChessBase"]
[SourceDate "2023.10.10"]
[SourceVersion "1"]
[SourceVersionDate "2023.10.10"]
[SourceQuality "1"]

1. d4 d5 2. c4 e6 3. Nc3 f5 4. Nf3 Nf6 5. Bf4 Be7 6. e3 0-0 7. cxd5 Nxd5 8. Nxd5 exd5 9. Bd3 g5 10. Be5 Nc6 11. Rc1 Bb4+ 12. Nd2 Nxe5 13. dxe5 Qe7 14. f4 c6 15. Qh5 gxf4 16. exf4 Bxd2+ 17. Kxd2 Qb4+ 18. Ke3 c5 19. Qg5+ Kh8 20. h4 Be6 21. h5 Rf7 22. g3 c4 23. Bb1 d4+ 24. Ke2 Qxb2+ 25. Kd1 d3 26. Bc2 dxc2+ 27. Rxc2 Rd7+ 28. Ke1 Qb1+ 0-1

[Event "Hillerod op"]
[Site "Hillerod"]
[Date "2015.09.08"]
[Round "1"]
[White "Vej, Jesper"]
[Black "Bagge, Kenny"]
[Result "1-0"]
[WhiteElo "2088"]
[BlackElo "1536"]
[PlyCount "51"]
[EventDate "2015.09.08"]
[EventType "swiss"]
[EventRounds "7"]
[EventCountry "DEN"]
[SourceTitle "EXT 2024"]
[Source "ChessBase"]
[SourceDate "2023.10.10"]
[SourceVersion "1"]
[SourceVersionDate "2023.10.10"]
[SourceQuality "1"]

1. e4 c5 2. c3 d5 3. exd5 Nf6 4. Bb5+ Nbd7 5. c4 a6 6. Bxd7+ Qxd7 7. Nc3 b5 8. d3 e6 9. dxe6 Qxe6+ 10. Qe2 bxc4 11. dxc4 Be7 12. Qxe6 Bxe6 13. b3 0-0 14. Nge2 Ng4 15. 0-0 Bf6 16. h3 Ne5 17. Be3 Nd3 18. Rad1 Rad8 19. Ne4 Be7 20. Nf4 Nxf4 21. Bxf4 Rd4 22. Bd6 Rxd1 23. Rxd1 Rd8 24. Rd2 Bxd6 25. Rxd6 Rxd6 26. Nxd6 1-0